| 000 | 01157 a2200253 4500 | ||
|---|---|---|---|
| 003 | NUST | ||
| 005 | 20221208180807.0 | ||
| 010 | _a 2003344361 | ||
| 020 | _a9694163137 | ||
| 035 | _a(DLC) 2003344361 | ||
| 040 | _cNust | ||
| 082 | _a297.4,IQB | ||
| 100 | 1 |
_aIqbal, Javid, _94619 |
|
| 245 | 1 | 0 |
_aIslam and Pakistan's identity / _cDr. Javid Iqbal. |
| 250 | _a1st ed. | ||
| 260 |
_aLahore : _bIqbal Academy : _bVanguard Books, _c2003. |
||
| 300 |
_a391 p. ; _c23 cm. |
||
| 505 | _aThe Concepts Of Nationality And State In Islam – A Reassessment (Page-5), Fate Of Muslim Power – State In India (Page-65), The Revival Of Militant “Wahabi” Islam (Page-115), Interaction Of Muslim India With The West (Page-153), The Enigmatic Khilafat Movement (Page-199), Inter-Communal Problem In India (Page-243), Dream Of New Social And Political Horizons (Page-273), Emergence Of A Muslim State (Page-321). | ||
| 650 | 0 |
_aIslam and politics _zIndia _xHistory. _9104506 |
|
| 650 | 0 |
_aMuslims _xPolitical activity _zIndia. _9376 |
|
| 650 | 0 | _aPakistan movement. | |
| 651 | 0 |
_aIndia _xPolitics and government _y20th century. _9104507 |
|
| 942 |
_2ddc _cBK _k297.4,IQB |
||
| 999 |
_c183244 _d183244 |
||